000 00260nam a22001217a 4500
008 170614b xxu||||| |||| 00| 0 eng d
041 _aeng
080 _a94(7/8(
100 _a19
101 _aSHH
245 _aPOTRAIT AMERICA
_cOATES.S.B
942 _2udc
_cBK
999 _c17338
_d17338